MANUAL prosedur kerja : bidang silvikultur
| Format: | Book |
|---|---|
| Published: |
Kuala Lumpur :
Jabatan Perhutanan ,
(n.d.)
|
| Subjects: |
MARC
| LEADER | 00000cam a2200000 7i4500 | ||
|---|---|---|---|
| 001 | 0000001766 | ||
| 005 | 20011116.0 | ||
| 090 | 0 | 0 | |a JPSM 634.95 |b MAN (n.d.) |
| 245 | 0 | 0 | |a MANUAL prosedur kerja : |b bidang silvikultur |
| 260 | 0 | 0 | |a Kuala Lumpur : |b Jabatan Perhutanan , |c (n.d.) |
| 300 | |a 42 p. ; |c 30 cm. | ||
| 650 | 0 | 0 | |a Forests and forestry |
| 998 | |a JPSM | ||
| 999 | |a 0000002801 |b Monograph |c Open Shelf |e Default branch | ||